000 00709nam a22002057a 4500
999 _c15217
_d15217
003 AR-CdUCM
008 190426b ||||| |||| 00| 0 spa d
020 _a978-1-4749-1536-6
040 _aMUNICIPALIDAD PROVINCIAL DEL CUSCO
_cBIBLIOTECA MUNICIPAL DEL CUSCO
082 _aPI / 308 /
_bY78
100 _aYoung, Caroline
_934249
245 _aMi primer libro de palabras sobre los alimentos /
260 _aLondres :
_bUsborne publishing,
_c2016.
300 _a18paginas ;
_bIlustraciones,
_c22 cm.
650 _aTexto de alimentos para niƱos (as)
_934250
650 _aAprendiendo los alimentos
_934251
650 _aMis primeros alimentos
_934252
942 _2ddc
_cLIBROS
945 _awnts
_d2019-04-26